Menyucikan Qalbu

Bibliographic Details
Main Authors: Aidh Abdullah al-Qarni (Author), Siti Norhana Eshak (Author)
Corporate Author: Irsyad Baitus Salam
Format: Book
Language:Malay
Published: Kuala Lumpur, Malaysia : Synergy Media , c[200?]
Subjects:

MARC

LEADER 00000cam a2200000 7i4500
001 0000069578
005 20161120093000.0
008 101202s my may
020 |a 9789673712458 
090 0 0 |a BF503   |b .A33 
100 0 |a Aidh Abdullah al-Qarni ,   |e author 
245 1 0 |a Menyucikan Qalbu   |c Dr. Aidh bin Abdullah Al-Qarni, [editor] Siti Norhana bt Eshak, [kerjasama] Irsyad Baitus Salam 
260 |a Kuala Lumpur, Malaysia :   |b Synergy Media ,   |c c[200?] 
300 |a 415 p. :   |b ill. ;   |c 23 cm. 
650 0 |a Motivation (Psychology) 
700 0 |a Siti Norhana Eshak ,   |e author 
710 2 |a Irsyad Baitus Salam 
999 |a 1000136005   |b Book   |c OPEN SHELF (30 DAYS)   |e Gong Badak Campus